| 000 | 00520nam a2200181Ia 4500 | ||
|---|---|---|---|
| 008 | 151018s9999 xx 000 0 und d | ||
| 082 |
_bRBASDV42975 _a824 |
||
| 100 | _aC. R. Irani | ||
| 245 | _aCorruption and criminalisation in public life | ||
| 250 | _b1 | ||
| 260 |
_bCalcutta Journalism club _c1999 |
||
| 300 | _a21 | ||
| 600 | _aC. R. Irani | ||
| 630 | _aCorruption and criminalisation in public life | ||
| 700 | _aC. R. Irani | ||
| 730 | _aCorruption and criminalisation in public life | ||
| 942 | _cBOOK | ||
| 999 |
_c1042195 _d1042192 |
||